| 000 | 00563nam a2200193 i 4500 | ||
|---|---|---|---|
| 001 | 56132 | ||
| 003 | ES-MaACL | ||
| 005 | 20230906163305.0 | ||
| 007 | t| | ||
| 008 | 031003s1969 sp ||||1| spa d | ||
| 100 | 1 |
_aDíaz-Plaja, Guillermo, _d1909-1984 _9162428 |
|
| 245 | 1 | 0 |
_aFiguras y paisajes / _cGuillermo Díaz-Plaja. |
| 260 |
_aBarcelona : _bTaber, _c[1969] |
||
| 300 |
_a211 p. ; _c19 cm. |
||
| 490 | 1 |
_aColección Ciempiés ; _v13 |
|
| 830 | 0 |
_aColección Ciempiés ; _v13 _9230373 |
|
| 852 |
_aES-MaACL _jC-35616 _bR.69027 |
||
| 999 |
_c56132 _d56132 |
||